Statistics for Wonder Woman: A Comprehensive Quiz

Click here to take the quiz!

General Stats

  • This quiz has been taken 13 times
  • The average score is 21 of 40

Answer Stats

HintAnswer% Correct
WW’s alter ego? (full name)Diana Prince
100%
Her arch-nemesis (first appeared in #6 from 1943)?The Cheetah
92%
Actress, with legendarily stunning blue eyes, who portrayed WW in the 1970s TV series? (full name)Lynda Carter
83%
The Greek name (in the English alphabet) of the Island she is from? (the name they started using in the 1987 reboot)Themyscira
83%
First appeared Winter (December) of what year?1941
75%
Actress currently portraying WW in the movies starting in 2017? (last name)Gal Gadot
75%
In the comic book in 1990, it was revealed that most of the Amazons were of what sexuality?Gay / Lesbian / Homosexual
75%
The above is a native of what country?Israel
75%
WW’s long-standing romantic love interest for the majority of her publishing history? (full name)Steve Trevor
75%
The publisher of the WW comic book, DC Comics, had for over 20 years been a subsidiary of what company at the time that the above happened? (This is the same company that owns Bugs Bunny)Warner Brothers
75%
In her 2011 reboot with a dramatically redone origin, WW’s father is revealed to be… ?Zeus
75%
Modern (1987-1990s and beyond) secret identity of the above? (last name)Dr. Barbara Minerva
67%
Writer who created her?Dr. William Moulton Marston
67%
Also, as above, WW often exclaimed...?"Great {Hera}"
67%
Red-haired Amazon who successfully challenged WW for her title in the comic in 1994 and was also killed shortly thereafter?Artemis
58%
WW’s breastplate was modifed from being an Eagle to being a Double-W, that also finally gave her a logo, on the occasion of what anniversary?Her {40}th Anniversary
58%
Black Amazon, who has also been Wonder Woman, who was introduced in the comic in 1973?Nubia
58%
Golden age (1940s) secret identity of the above? (last name)Priscilla Rich
58%
Actress who portrayed WW in the 1974 made-for-TV movie? (last name)Cathy Lee Crosby
50%
Copper age (early-mid 1980s) secret identity of the above? (last name)Deborah Domaine
50%
What artist illustrated WW for the first 24 issues of the 1987 reboot and wrote the comic book until issue #62 of that reboot?George Perez
50%
With her 1987 reboot, several of the Greek deities gave her superpowers upon her creation, but only one of them was a male god. Which one was it?Hermes
50%
Recently deceased actor who portrayed Steve Trevor in the same series? (last name)Lyle Waggoner
50%
In the Golden age of the 1940s, WW’s secret identity rose from being an Army Nurse with a rank of 2nd Lieutenant to being what higher rank in the Army?Major
50%
Black Amazon with rank of Captain of the Guard who was introduced in the 1987 reboot?Philippus
50%
Starting in the late 1950s, her boots were replaced for a while with...?Sandals
50%
Item of jewelry in her costume that it was once explained that allowed her to breathe in outer space?earrings
42%
Name of the man who trained WW to fight when she was without powers in the late 1960s – early 1970s?{I}-{Ching}
42%
Comic book title where she made her first cover appearance?Sensation Comics
42%
Especially in the 1960s, but through the 1980s, WW often exclaimed...?"Suffering {Sappho}"
42%
The star female writer who started writing the WW comic in 2007?Gail Simone
33%
Red-haired Amazon who successfully challenged WW for her title in the comic in 1978 and was killed shortly thereafter?Orana
33%
The type of unusual relationship he and his wife were in?polyamory
33%
Also, as above, WW sometimes exclaimed...?"Thunderbolts of {Jove}"
33%
And also her mother is revealed to be…?Aphrodite
25%
Star writer who wrote the comic from 2003-2006?Greg Rucka
25%
The above got his Bachelor’s Degree from what college/university?Harvard
25%
The star artist who illustrated WW in the comic from 2000-2003?Phil Jimenez
25%
The highly critically acclaimed graphic novel the above wrote previously in 2002?The Hiketeia
17%
Also as above, WW occasionally exclaimed...?"Mists of {Nepenthe}"
8%

Score Distribution

Percentile by Number Answered

Percent of People with Each Score

Your Score History

You have not taken this quiz